000 01036nam a2200325 a 4500
001 86275
003 BD-RjUL
005 20260331151808.0
008 260331s2006 nyua b 001 0 eng
020 _a9780521858595
_q(hardback)
020 _a0521858593
_qhardback
020 _a0521675294
_qpbk.
020 _a9780521675291
_q(pbk.)
035 _a(BD-RjUL)86275
040 _aDLC
_cDLC
_dDLC
_dBD-RjUL
_beng
041 _aeng
082 0 0 _222
_a340.2
_bMEC 2006
100 1 _aMenski, Werner.
_917926
245 1 0 _aComparative law in a global context :
_bthe legal systems of Asia and Africa /
_cWerner Menski.
250 _a2nd Edition
260 _aNew York :
_bCambridge University Press,
_c2006.
300 _axx, 674 p. :
_bill. ;
_c24 cm.
336 _atext
_btxt
_2rdacontent
337 _aunmediated
_bn
_2rdamedia
338 _avolume
_bnc
_2rdacarrier
504 _aIncludes bibliographical references (p. 614-658) and index.
650 0 _aComparative law.
_97519
650 0 _aLaw
_xPhilosophy.
_93633
942 _2ddc
_cBK
999 _c86275
_d86275